00398nam a2200145Ia 4500003000400000005001700004008004000021040000700061041001300068082001700081100001600098245004600114260008400160300000800244OSt20251003144125.0210210b2002 xxu||||| |||| 00| 0 eng d cAL aSanskrit aS891.8K BHAP aBhat G N Ed aPita putra sambandhab: bharatiya drashti aMangalurubCenter for Inter-disciplinary Studies and Research in Sanskritc2002 a84p